000 01032nam a2200229Ia 4500
999 _c44606
_d44606
001 11409
003 GE_BSU
005 20250410170217.0
008 181216s1985||||ge |||||||||||||| ||geo||
040 _cGE_BSU
041 _ageo
080 _a599.6/73(079.22) ა-76
100 _aარაბული, ალ.
_924756
245 _aრას მერჩი ადამიანო ? :
_b[ჩლიქოსანი ცხოველები]
_cალ. არაბული; რედ: ქ. კვინტრაძე, მხატვ: გ. ტუხაშვილი.
264 _aთბილისი:
_bსაბჭოთა საქართველო,
_c1985.
300 _a133 გვ.:
_bილ.;
_c20 სმ.
653 _aზოოლოგია
653 _aრას მერჩი ადამიანო?!
653 _aქვეწარმავლები
856 _uhttps://dspace.nplg.gov.ge/bitstream/1234/320300/1/Ras_Merchi_Adamiano.pdf
_yელ. ვერსია
942 _cBK
_2udc